Cities by Rail transit logos - Statistics

General Stats
  • This quiz has been taken 258 times
    254 since last reset
  • The average score is 5 of 10
Answer Stats
Picture Answer % Correct
London
100%
Moscow
70%
Tokyo
62%
Madrid
60%
Hong Kong
53%
Beijing
51%
New Delhi
35%
Istanbul
33%
Cairo
32%
Sao Paulo
20%
No matching quizzes found
Score Distribution
Percent of People with Each Score
Percentile by Number Answered
Your Score History
You have not taken this quiz since the last reset